Central Library OPAC University of Rajshahi

Military history of Ulysses S. Grant : (Record no. 28241)

MARC details
000 -LEADER
fixed length control field 00808nam a22002412 4500
001 - CONTROL NUMBER
control field 28241
003 - CONTROL NUMBER IDENTIFIER
rucl marc code BD-RjUL
005 - DATE AND TIME OF LATEST TRANSACTION
control field 20211209051245.0
008 - FIXED-LENGTH DATA ELEMENTS--GENERAL INFORMATION
fixed length control field 140329s1881 nyuabc 001 0beng d
035 ## - SYSTEM CONTROL NUMBER
System control number (OCoLC)1990852
System control number (BD-RjUL)28322
040 ## - CATALOGING SOURCE
Original cataloging agency EXO
Transcribing agency EXO
Modifying agency EQO
-- BD-RjUL
Language of cataloging eng
041 ## - LANGUAGE CODE
Language code of text/sound track or separate title eng
082 04 - DEWEY DECIMAL CLASSIFICATION NUMBER
Classification number 973.7
Author mark and year BAM V-3 1881
100 1# - MAIN ENTRY--PERSONAL NAME
Personal name Badeau, Adam,
Dates associated with a name 1831-1895.
9 (RLIN) 86485
245 10 - TITLE STATEMENT
Title Military history of Ulysses S. Grant :
Remainder of title from April, 1861, to April, 1865 /
Statement of responsibility, etc. By Adam Badeau.
Number of part/section of a work Volume III
260 ## - PUBLICATION, DISTRIBUTION, ETC. (IMPRINT)
Place of publication, distribution, etc. New York :
Name of publisher, distributor, etc. D. Appleton,
Date of publication, distribution, etc. 1881.
300 ## - PHYSICAL DESCRIPTION
Pagination ix, 733 p. :
Illustrations ill. ;
Size 24 cm.
504 ## - BIBLIOGRAPHY, ETC. NOTE
Bibliography, etc Includes index.
600 10 - SUBJECT ADDED ENTRY--PERSONAL NAME
Personal name Grant, Ulysses S.
Fuller form of name (Ulysses Simpson),
Dates associated with a name 1822-1885.
651 #0 - SUBJECT ADDED ENTRY--GEOGRAPHIC NAME
Geographic name United States
General subdivision History
Chronological subdivision Civil War, 1861-1865
General subdivision Campaigns.
9 (RLIN) 25493
942 ## - ADDED ENTRY ELEMENTS (KOHA)
Source of classification or shelving scheme Dewey Decimal Classification
Koha item type Books
Holdings
Lost status Source of classification or shelving scheme Damaged status Not for loan Collection code Permanent Location Current Location Shelving location Date acquired Source of acquisition Cost, normal purchase price Total Checkouts Full call number Date last seen Copy number Koha item type
  Dewey Decimal Classification   Added to bundle Non-fiction Central Library, University of Rajshahi Central Library, University of Rajshahi Reading Room 04/09/1969 Zeitlinger. 125.00   973.7 BAM V-3 1881 29/03/2014 C-1 Books